• 首页
  • 本馆介绍
  • 公告通知
  • 最新文献
  • 馆藏检索
  • 电子资源
  • 读者导购
  • 参考咨询
  • 我的图书馆
  • 登录
  • 详细信息显示
  • 放入我的书架
  • 预约/预借图书
  • 作者相关作品
  • 分类相关作品
  • 丛书相关作品
  • 出版社相关作品

书目信息

  • 表格格式
  • 工作单格式
  • 卡片格式
题名:
告诉你一个真美国
    
 
作者: 陈燕妮 著
分册:  
出版信息: 北京   华夏出版社  1994.6
页数: 418页
开本: 20cm
丛书名:
单 册:
中图分类: D771.269 , I712.55
科图分类:
主题词: 社会--评论--美国 , 文学
电子资源:
ISBN: 7-5080-0457-4
000 00886nam0 2200277 45
001 0194035207
005 20061116162411.81
010    @a7-5080-0457-4@dCNY12.00
100    @a19940728d1994 em y0chiy0121 ea
101 0  @achi
102    @aCN@b110000
105    @af z 000zy
106    @ar
200 10 @a告诉你一个真美国@AGAO SU NI YI GE ZHEN MEI GUO@f(美)陈燕妮著@F( MEI ) CHEN YAN NI ZHU
210    @a北京@c华夏出版社@d1994.6
215    @a418页@c彩图@d20cm
314    @a陈燕妮,美国中文电视台记者
330    @a本书是美国的社会实录,在70个专题中,对美国的政治法律制度、社会经济状况、普通人的衣食住行,尤其对中国人在美国的情况进行了描述。
540 1  @a美国@AMEI GUO
606    @a社会@x评论@y美国
606 0  @a文学
690    @aD771.269@v三版
690    @aI712.55@v3
701  0 @a陈燕妮@ACHEN YAN NI@4著
801  0 @aCN@bNLC@c20061116
905    @f2@b262794-795@dI712.55@e272
    
    告诉你一个真美国/(美)陈燕妮著.-北京:华夏出版社,1994.6
    418页:彩图;20cm
    
    
    ISBN 7-5080-0457-4:CNY12.00
    本书是美国的社会实录,在70个专题中,对美国的政治法律制度、社会经济状况、普通人的衣食住行,尤其对中国人在美国的情况进行了描述。
●
相关链接 在E读中查询图书 在五车中查询图书 在当当中查询图书 在豆瓣中查询图书


正题名:告诉你一个真美国     索取号:I712.55/272         预约/预借

序号 登录号 条形码 馆藏地/架位号 状态 备注
1 0262793   202119509   第一样本阅览室/ [索取号:I712.55/272] 在馆    
2 0262794   000191893   第二借阅区/ [索取号:I712.55/272] 在馆    
3 0262795   000191937   第二借阅区/ [索取号:I712.55/272] 在馆    
唐山师范学院图书馆 欢迎您!
大连网信软件有限公司© 版权所有